Limnological methods. (Record no. 16209)
[ view plain ]
| 000 -LEADER | |
|---|---|
| fixed length control field | 00366cam a22001451 4500 |
| 040 ## - CATALOGING SOURCE | |
| Transcribing agency | DLC |
| 082 00 - DEWEY DECIMAL CLASSIFICATION NUMBER | |
| Classification number | 574 BLA 1948 A023 Or. |
| 100 1# - MAIN ENTRY--AUTHOR NAME | |
| Personal name | Welch, Paul Smith, |
| 245 00 - TITLE STATEMENT | |
| Title | Limnological methods. |
| 260 ## - PUBLICATION, DISTRIBUTION, ETC. (IMPRINT) | |
| Place of publication | Philadelphia, |
| Name of publisher | Blakiston Co. |
| Year of publication | [1948] |
| 300 ## - PHYSICAL DESCRIPTION | |
| Number of Pages | xviii, 381 p. |
| Other physical details | illus. |
| Dimensions | 24 cm. |
| 650 #0 - SUBJECT ADDED ENTRY--TOPICAL TERM | |
| Topical Term | Freshwater biology |
| 650 #0 - SUBJECT ADDED ENTRY--TOPICAL TERM | |
| Topical Term | Limnology. |
| 942 ## - ADDED ENTRY ELEMENTS (KOHA) | |
| Koha item type | សៀវភៅភាសាអង់គ្លេស |
| 952 ## - LOCATION AND ITEM INFORMATION (KOHA) | |
| Withdrawn status [LOCAL, KOHA] | 0 |
| Permanent Location | Date acquired | Koha item type | Lost status | Shelving location | Barcode | Current Location | Full call number |
|---|---|---|---|---|---|---|---|
| Library Block A | 2018-01-23 | សៀវភៅភាសាអង់គ្លេស | A023 | A23359 | Library Block A | 574 BLA 1948 A023 Or. |